| 000 | 00415nam a2200145Ia 4500 | ||
|---|---|---|---|
| 008 | 240624s9999 xx 000 0 und d | ||
| 041 | _aeng | ||
| 082 | _a808.027 PRE | ||
| 100 | _aTHE UNIVERSITY OF CHICAGO PRESS | ||
| 245 | _aCHICAGO MANUAL OF STYLE THE ESSENTIAL GU | ||
| 250 | _a(15th ed.) | ||
| 260 |
_c2003 _aLondon _bThe University of Chicago Press |
||
| 300 | _axvii, : 956 : p. : cm. ; 23 | ||
| 365 |
_c _b30 |
||
| 999 |
_c14989 _d14989 |
||